000
00217nam a22000857a 4500
008
160829b xxu||||| |||| 00| 0 eng d
100
_9
259
_a
Kidz Om
245
_a
101 wonders of the World
260
_a
New Delhi
_b
Om Kidz
_c
2012
999
_c
2917
_d
2917